Marketing Management (Record no. 6850)
[ view plain ]
| 000 -LEADER | |
|---|---|
| fixed length control field | 00250nam a2200109Ia 4500 |
| 100 ## - MAIN ENTRY--AUTHOR NAME | |
| Personal name | Philip Kotler |
| 245 #0 - TITLE STATEMENT | |
| Title | Marketing Management |
| 260 ## - PUBLICATION, DISTRIBUTION, ETC. (IMPRINT) | |
| Place of publication | New Delhi |
| Name of publisher | CRC |
| Year of publication | 1998 |
| 300 ## - PHYSICAL DESCRIPTION | |
| Number of Pages | 789 |
| 942 ## - ADDED ENTRY ELEMENTS (KOHA) | |
| Koha item type | Books |
| Withdrawn status | Lost status | Collection code | Permanent Location | Current Location | Shelving location | Date acquired | Full call number | Accession Number | Koha item type |
|---|---|---|---|---|---|---|---|---|---|
| | | Marketing | MAJU | MAJU | | 2019-09-11 | 657.0944 | 336 | Marketing |